| 000 | 00426nam a22001697a 4500 | ||
|---|---|---|---|
| 003 | NUST - PNEC | ||
| 005 | 20170116181125.0 | ||
| 008 | 151005b xxu||||| |||| 00| 0 eng d | ||
| 020 | _a- | ||
| 040 | _cLIBRARY | ||
| 082 | _a920.95402 MER | ||
| 100 |
_913652 _aMerchant, Minhaz |
||
| 245 |
_aRajiv Gandhi: The end of a dream _cMinhaz Merchant |
||
| 260 | _cc.1991 | ||
| 650 |
_913653 _aIndia _xBiography |
||
| 942 |
_2ddc _cBK |
||
| 999 |
_c69722 _d69722 |
||